| 000 | 00903cam a2200277 a 4500 | ||
|---|---|---|---|
| 008 | |||
| 020 | _a9788170357506 (hbk.) | ||
| 049 | _aMAIN | ||
| 090 |
_aTD303.A1 _bWAT |
||
| 245 | 0 | 0 |
_aWater and wastewater management _nvol. 2 / _cedited by D.R. Khanna, R. Bhutiani, Gagan Matta ; associate editor, Vikas Singh. |
| 260 |
_aDelhi : _bDaya Publishing House, _c2010. |
||
| 300 |
_axiv, 343-694 p. : _bill., maps ; _c25 cm. |
||
| 500 | _aIncludes index. | ||
| 504 | _aIncludes bibliographical references. | ||
| 650 | 0 |
_aWater-supply engineering _zIndia. |
|
| 650 | 0 |
_aWater quality management _zIndia. |
|
| 700 | 1 | _aKhanna, D.R. | |
| 700 | 1 | _aBhutiani, R. | |
| 700 | 1 | _aMatta, Gagan. | |
| 700 | 1 | _aSingh, Vikas. | |
| 907 |
_a.b10326418 _b19-02-13 _c31-01-13 |
||
| 003 | |||
| 005 | 20230123121958.0 | ||
| 040 | _cNUST | ||
| 942 |
_cBOOKS _kTD303.A1 _mWAT |
||
| 999 |
_c125713 _d125713 |
||